1994 annual conference proceedings, American Society for Engineering Education : June 26-29, 1994, Edmonton, Alberta, Canada.

Bibliographic Details
Corporate Authors: American Society for Engineering Education. Conference, Canadian Conference on Engineering Education
Format: Conference Proceeding Book
Language:English
Published: [Washington, D.C.] : American Society for Engineering Education, [1994]
Subjects:

MARC

Tag First Indicator Second Indicator Subfields
LEADER 00000cam a2200000 a 4500
001 in00001362921
005 20151006094530.0
008 940714s1994 dcua b 101 0 eng d
035 |a (OCoLC)32723972 
035 |9 AHK2448AM 
040 |a MNU  |c MNU  |d CIN  |d TXA  |d UtOrBLW 
049 |a TXAM 
090 |a T62  |b .A2 1994 
110 2 |a American Society for Engineering Education.  |b Conference  |d (1994 :  |c Edmonton, Alta.) 
245 1 0 |a 1994 annual conference proceedings, American Society for Engineering Education :  |b June 26-29, 1994, Edmonton, Alberta, Canada. 
264 1 |a [Washington, D.C.] :  |b American Society for Engineering Education,  |c [1994] 
300 |a 2 volumes (xiii, 3040 pages) :  |b illustrations ;  |c 28 cm. 
336 |a text  |b txt  |2 rdacontent 
337 |a unmediated  |b n  |2 rdamedia 
338 |a volume  |b nc  |2 rdacarrier 
500 |a "A joint conference with the Canadian Conference on Engineering Education." 
504 |a Includes bibliographical references and index. 
650 0 |a Engineering  |x Study and teaching  |v Congresses. 
650 0 |a Engineering  |x Data processing  |v Congresses. 
650 0 |a Technical education  |z United States  |x Congresses. 
711 2 |a Canadian Conference on Engineering Education. 
999 |a MARS 
999 f f |s a07f57b4-5478-3eae-9bcf-ed8c4002831e  |i 619b4549-00a4-3b5f-911d-3503ad12f3b1  |t 0 
952 f f |p ric  |a Texas A&M University  |b Rellis Campus  |c Joint Library Facility  |d Remote Storage  |t 0  |e T62 .A84 1994  |h Library of Congress classification  |i unmediated -- volume  |k v.1  |m A14818012204 
952 f f |p ric  |a Texas A&M University  |b Rellis Campus  |c Joint Library Facility  |d Remote Storage  |t 0  |e T62 .A84 1994  |h Library of Congress classification  |i unmediated -- volume  |k v.2  |m A14818012254 
998 f f |a T62 .A84 1994  |s v.1-v.2  |t 0  |l Remote Storage